| 000 | 00444nam a2200169 i 4500 | ||
|---|---|---|---|
| 001 | 28164 | ||
| 003 | ES-MaACL | ||
| 005 | 20240320062600.0 | ||
| 007 | t| | ||
| 008 | 030116s1921 sp ||||1| spa d | ||
| 100 | 0 |
_aAzorín, _d1873-1967 _924326 |
|
| 245 | 1 | 4 |
_aLos dos Luises y otros ensayos / _cAzorín. |
| 260 |
_aMadrid : _bRafael Caro Raggio, _c1921. |
||
| 300 |
_a192 p. ; _c18 cm. |
||
| 852 |
_aES-MaACL _jB-3787 |
||
| 999 |
_c28164 _d28164 |
||